| 000 | 01334cam a22003254a 4500 | ||
|---|---|---|---|
| 999 |
_c178 _d178 |
||
| 001 | 12778871 | ||
| 003 | GZU | ||
| 005 | 20200707143840.0 | ||
| 008 | 020517s2002 caua b 001 0 eng | ||
| 010 | _a 2002007908 | ||
| 020 | _a0761921605 (cloth) | ||
| 040 |
_aDLC _cDLC _dDLC |
||
| 042 | _apcc | ||
| 050 | 0 | 0 |
_aBF637.C45 _bH287 2002 |
| 082 | 0 | 0 |
_a302.2 _221 |
| 245 | 0 | 0 |
_aHandbook of interpersonal communication / _ceditors, Mark L. Knapp, John A. Daly. |
| 250 | _a3rd ed. | ||
| 260 |
_aThousand Oaks, CA : _bSAGE Publications, _cc2002. |
||
| 300 |
_a842 p. : _bill. ; _c26 cm. |
||
| 504 | _aIncludes bibliographical references and indexes. | ||
| 650 | 0 | _aInterpersonal communication. | |
| 700 | 1 | _aKnapp, Mark L. | |
| 700 | 1 |
_aDaly, John A. _q(John Augustine), _d1952- |
|
| 856 | 4 | 2 |
_3Publisher description _uhttp://www.loc.gov/catdir/enhancements/fy0658/2002007908-d.html |
| 856 | 4 | 1 |
_3Table of contents only _uhttp://www.loc.gov/catdir/enhancements/fy0658/2002007908-t.html |
| 856 | 4 | 2 |
_3Contributor biographical information _uhttp://www.loc.gov/catdir/enhancements/fy0734/2002007908-b.html |
| 906 |
_a7 _bcbc _corignew _d1 _eecip _f20 _gy-gencatlg |
||
| 942 |
_2lcc _cBK _e3rd ed. _h637 _iKNA _kBF _m2003 |
||